00496nam a22001577a 4500008004100000020001800041040005500059080002000114100002200134245005500156260005200211300001600263650002200279653001700301700002000318230321b |||||||| |||| 00| 0 eng d a81-7867-022-4 aNational Science LibrarycNational Science Library aD 681.31 T bP1 aHoltsnider, Bill  aIT manager's handbook: bGetting your new job done aIndia: bHarcourt India Private Limited, c2001 axxx, 337p.  aComputer science  aIT handbook  aJaffe, Brain D